Communitarianism: a new public ethics. (Record no. 198545)
[ view plain ]
| 000 -LEADER | |
|---|---|
| fixed length control field | 00397nam a2200145Ia 4500 |
| 008 - FIXED-LENGTH DATA ELEMENTS--GENERAL INFORMATION | |
| fixed length control field | 210716s1994 xx 000 0 und d |
| 041 ## - LANGUAGE CODE | |
| Language code of text/sound track or separate title | eng |
| 082 ## - DEWEY DECIMAL CLASSIFICATION NUMBER | |
| Classification number | 321.4 DALM |
| 100 ## - MAIN ENTRY--PERSONAL NAME | |
| Personal name | Daly, Markate. |
| 245 ## - TITLE STATEMENT | |
| Title | Communitarianism: a new public ethics. |
| Remainder of title | New public ethics. |
| 250 ## - EDITION STATEMENT | |
| Edition statement | 1 |
| 260 ## - PUBLICATION, DISTRIBUTION, ETC. | |
| Place of publication, distribution, etc. | Belmont |
| Name of publisher, distributor, etc. | Wadsworth publishing company |
| Date of publication, distribution, etc. | 1994 |
| 300 ## - PHYSICAL DESCRIPTION | |
| Extent | xxvi,353 |
| 700 ## - ADDED ENTRY--PERSONAL NAME | |
| Personal name | Daly, Markate. |
| Withdrawn status | Lost status | Damaged status | Not for loan | Collection code | Home library | Current library | Date acquired | Total Checkouts | Full call number | Barcode | Date last seen | Price effective from | Koha item type |
|---|---|---|---|---|---|---|---|---|---|---|---|---|---|
| MBA | St Aloysius Institute of Management & Information Technology | St Aloysius Institute of Management & Information Technology | 12/31/2004 | 321.4 DALM | MBA01110 | 05/23/2026 | 07/16/2021 | Book |